Football Jerseys #4 - Statistics

General Stats
  • This quiz has been taken 161 times
  • The average score is 8 of 9
Answer Stats
Picture Answer % Correct
West Ham United
99%
Newcastle United
97%
SSC Napoli
96%
Uruguay
94%
Japan
92%
VfL Wolfsburg
92%
ACF Fiorentina
89%
Olympique de Marseille
89%
Czech Republic
59%
No matching quizzes found
Score Distribution
Percent of People with Each Score
Percentile by Number Answered
Your Score History
You have not taken this quiz